000 00613nam a22002057a 4500
999 _c8825
_d8825
003 AR-CdUCM
008 190326b ||||| |||| 00| 0 spa d
040 _aMUNICIPALIDAD PROVINCIAL DEL CUSCO
_cBIBLIOTECA MUNICIPAL DEL CUSCO
082 _a903.1 /
_bC83
100 _aCosta Villavicencio, Lázaro
_924582
245 _aDiccionario :
_bGeocosmografia /
260 _aLima :
300 _a539 páginas ,
_c25 cm.
505 _aContenido : Diccionario de geocosmografía ... ...
650 _aDiccionario
_95196
650 _aGeografía
_9318
650 _aPerú
_935
942 _2ddc
_cLIBROS
945 _arah